Mot mystérieux - Série 25 - Statistiques

Statistiques générales
  • Ce quiz a été pris 74 fois
  • Le résultat moyen est 7 sur 10
Statistiques - réponses
Indices Mot % Correct
Gardien - Processus - Calumet - Juge Paix
93%
Culotte - Ozone - Tard - Fausse Couche
92%
Propre - Platonique - Chagrin - Mariage Amour
90%
Boiteux - Froid - Enchaîné - Laqué Canard
90%
Forces - Maintien - Alphabétique - Avocats Ordre
87%
Bouche - Balle - Normand - Cul Trou
87%
Chou - Circuit - Faim - Jarret Coupe
69%
Feu - Blanche - Veillée - Poing Arme
51%
Taxe - Carte - Linguistique - Interdiction Séjour
48%
Art - Usure - Blessé - Déclaration Guerre
33%
Aucun quiz correspondant
Distribution des résultats
% des personnes avec chaque résultat
Percentile par nombre de réponses
Votre historique - résultats
Vous n’avez pas pris ce quiz